000 00292nam a2200121Ia 4500
008 190216s9999||||xx |||||||||||||| ||und||
100 _aNarayana Kuruo
245 2 _aA Concise Text Book Of Mechanics
260 _bKerala University
_c1983
300 _a314p
650 _aPhysics
942 _cBK
999 _c33211
_d33211